Normal view
MARC view
- Dr. S.N.Shukla
Entry Personal Name
001 - CONTROL NUMBER
- control field: 3922
003 - CONTROL NUMBER IDENTIFIER
- control field: OSt
005 - DATE AND TIME OF LATEST TRANSACTION
- control field: 20210218110916.0
008 - FIXED-LENGTH DATA ELEMENTS
- fixed length control field: 210218|| aca||aabn | a|a d
040 ## - CATALOGING SOURCE
- Original cataloging agency: OSt
- Transcribing agency: OSt
100 ## - HEADING--PERSONAL NAME
- Personal name: Dr. S.N.Shukla
670 ## - SOURCE DATA FOUND
- Source citation: Work cat.: (OSt)3429: Shukla, Dr. S.N. 3920, Transfer of Property Act, c 2007
